[Event "Cappelle Online Blitz op"]
[Site "Europe Echecs INT"]
[Date "2022.01.09"]
[Round "4"]
[White "Barzic, Mickael"]
[Black "Perrin, Antoine"]
[Result "0-1"]
[WhiteElo "1530"]
[BlackElo "2030"]
[PlyCount "56"]
[EventDate "2022.01.09"]
[EventType "swiss (blitz)"]
[EventRounds "11"]
[EventCountry "FRA"]
[SourceTitle "EXT 2023"]
[Source "ChessBase"]
[SourceDate "2022.10.05"]
[SourceVersion "1"]
[SourceVersionDate "2022.10.05"]
[SourceQuality "1"]

1. f4 g6 2. Nf3 Bg7 3. e3 Nh6 4. d4 d6 5. c3 0-0 6. Bd3 f5 7. 0-0 Nf7 8. Bd2 e5 9. fxe5 dxe5 10. dxe5 Nxe5 11. Nxe5 Bxe5 12. Qc2 Be6 13. Na3 Nc6 14. Nc4 Bg7 15. e4 fxe4 16. Bxe4 Bxc4 17. Rxf8+ Qxf8 18. Bf3 Qc5+ 19. Kh1 Rd8 20. Bf4 Be5 21. Bxe5 Nxe5 22. b3 Bd3 23. Qb2 Nxf3 24. gxf3 Qe3 25. Qg2 Be2 26. Re1 Bxf3 27. Rxe3 Rd1+ 28. Re1 Rxe1# 0-1

[Event "Europe Echecs Blitz May op"]
[Site "Europe Echecs INT"]
[Date "2021.05.09"]
[Round "2"]
[White "Perrin, Antoine"]
[Black "Keymer, Vincent"]
[Result "0-1"]
[WhiteElo "1972"]
[BlackElo "2591"]
[PlyCount "52"]
[EventDate "2021.05.09"]
[EventType "swiss (blitz)"]
[EventRounds "11"]
[EventCountry "FRA"]
[SourceTitle "CBM 202 Extra"]
[Source "ChessBase"]
[SourceDate "2021.07.31"]
[SourceVersion "1"]
[SourceVersionDate "2021.07.31"]
[SourceQuality "1"]

1. d4 Nf6 2. Bg5 d5 3. Nd2 c5 4. e3 cxd4 5. exd4 Qb6 6. Nb3 Ne4 7. Be3 Bf5 8. Nf3 e6 9. Bd3 Nc6 10. 0-0 Be7 11. c3 0-0 12. Qc2 Rac8 13. Qe2 Bg6 14. Bf4 a5 15. Bb5 Bh5 16. Bd3 a4 17. Nc1 a3 18. b3 Nxc3 19. Bxh7+ Kxh7 20. Ng5+ Bxg5 21. Qxh5+ Bh6 22. g4 Qxd4 23. Bxh6 gxh6 24. g5 Qg7 25. h4 Ne5 26. Kh1 Qg6 0-1

[Event "Europe Echecs Blitz May op"]
[Site "Europe Echecs INT"]
[Date "2021.05.09"]
[Round "8"]
[White "Perrin, Antoine"]
[Black "Perolini, Cedric"]
[Result "0-1"]
[WhiteElo "1972"]
[BlackElo "1706"]
[PlyCount "132"]
[EventDate "2021.05.09"]
[EventType "swiss (blitz)"]
[EventRounds "11"]
[EventCountry "FRA"]
[SourceTitle "CBM 202 Extra"]
[Source "ChessBase"]
[SourceDate "2021.07.31"]
[SourceVersion "1"]
[SourceVersionDate "2021.07.31"]
[SourceQuality "1"]

1. e4 e5 2. Nf3 Nc6 3. Bb5 Bc5 4. 0-0 d6 5. d3 Bg4 6. c3 Nf6 7. Nbd2 0-0 8. Re1 Bh5 9. Nf1 Ng4 10. Re2 f5 11. Bc4+ Kh8 12. exf5 Rxf5 13. Ng3 Nxf2 14. Rxf2 Bxf3 15. gxf3 Bxf2+ 16. Kxf2 Qh4 17. Kg2 Rf6 18. Qe2 Raf8 19. Bd5 Ne7 20. Bxb7 c6 21. Be3 Rxf3 22. Rf1 Rxf1 23. Nxf1 Nf5 24. Bf2 Qg5+ 25. Ng3 Nh4+ 26. Kf1 c5 27. Qe1 h5 28. Kg1 Rf7 29. Bd5 Rf6 30. Qe2 g6 31. Be3 Qg4 32. Qxg4 hxg4 33. Bg5 Nf3+ 34. Bxf3 Rxf3 35. d4 exd4 36. cxd4 c4 37. Kg2 Rd3 38. Ne4 Kh7 39. Bf6 Re3 40. Ng3 c3 41. bxc3 Rxc3 42. d5 Rc2+ 43. Kg1 Rxa2 44. Ne4 a5 45. Nxd6 Rd2 46. Bc3 Rxd5 47. Ne4 Rf5 48. Kg2 a4 49. Nd2 a3 50. Nb3 a2 51. Ba1 Rb5 52. Nd2 Rc5 53. Nb3 Rc2+ 54. Kg3 Re2 55. Bd4 Re1 56. Kxg4 Re4+ 57. Kf3 Rxd4 58. Nxd4 a1Q 59. Ne6 Qf6+ 60. Nf4 g5 61. Kg2 Qxf4 62. h3 Kg6 63. Kh1 Kh5 64. Kg2 Kh4 65. Kg1 Kg3 66. Kh1 Qf1# 0-1

[Event "Europe Echecs Blitz May op"]
[Site "Europe Echecs INT"]
[Date "2021.05.09"]
[Round "6"]
[White "Perrin, Antoine"]
[Black "Theodore, Simon"]
[Result "1-0"]
[WhiteElo "1972"]
[BlackElo "1783"]
[PlyCount "75"]
[EventDate "2021.05.09"]
[EventType "swiss (blitz)"]
[EventRounds "11"]
[EventCountry "FRA"]
[SourceTitle "CBM 202 Extra"]
[Source "ChessBase"]
[SourceDate "2021.07.31"]
[SourceVersion "1"]
[SourceVersionDate "2021.07.31"]
[SourceQuality "1"]

1. e4 e6 2. Qe2 g6 3. d3 Bg7 4. g3 Ne7 5. Bg2 0-0 6. Nf3 d5 7. Nbd2 c5 8. 0-0 Nbc6 9. c3 b6 10. Re1 Re8 11. Nf1 Ba6 12. e5 Qc7 13. Bf4 Rad8 14. h4 b5 15. N1h2 b4 16. Ng4 bxc3 17. bxc3 Qa5 18. Bd2 Qb5 19. Bf1 Nf5 20. Nf6+ Bxf6 21. exf6 c4 22. d4 Qb8 23. g4 Nd6 24. Bf4 Qc8 25. Bxd6 Rxd6 26. Ne5 Nxe5 27. dxe5 Rb6 28. Qe3 Kh8 29. Rab1 Bb7 30. Rxb6 axb6 31. Qxb6 Rd8 32. Rb1 Ba8 33. Qd4 h5 34. gxh5 gxh5 35. Qe3 Rg8+ 36. Kh2 Rg6 37. Qa7 Bc6 38. Rb8 1-0

[Event "C'Chartres Blitz op April"]
[Site "Europe Echecs INT"]
[Date "2021.04.10"]
[Round "2"]
[White "Bellahcene, Bilel"]
[Black "Perrin, Antoine"]
[Result "1-0"]
[WhiteElo "2518"]
[BlackElo "1972"]
[PlyCount "91"]
[EventDate "2021.04.10"]
[EventType "swiss (blitz)"]
[EventRounds "11"]
[EventCountry "FRA"]
[SourceTitle "CBM 201 Extra"]
[Source "ChessBase"]
[SourceDate "2021.05.31"]
[SourceVersion "1"]
[SourceVersionDate "2021.05.31"]
[SourceQuality "1"]

1. d4 Nf6 2. c4 g6 3. Nc3 Bg7 4. e4 d6 5. Nge2 0-0 6. Ng3 e5 7. d5 Nbd7 8. Be2 a5 9. h4 h5 10. Bg5 Nc5 11. Bxh5 gxh5 12. Nxh5 Ncd7 13. Qf3 Qe7 14. Rh3 Re8 15. Rg3 Nxh5 16. Qxh5 Qf8 17. Bh6 Nf6 18. Qg5 Ng4 19. Rxg4 Bxg4 20. Qxg4 Kh7 21. Be3 Bh6 22. Qf5+ Kh8 23. Qh5 Kh7 24. Ke2 f6 25. Rh1 Re7 26. g4 Qg7 27. g5 Qg6 28. Qxg6+ Kxg6 29. gxh6 b6 30. Rg1+ Kh7 31. Nb5 Rg8 32. Rxg8 Kxg8 33. Na7 Kh7 34. Nc6 Re8 35. h5 Kh8 36. Kf3 Kh7 37. Kg4 Rg8+ 38. Kf5 Rg1 39. Kxf6 Ra1 40. Nd8 Rxa2 41. Ne6 Ra1 42. Ng5+ Kh8 43. Kg6 Rg1 44. f4 exf4 45. Bxg1 a4 46. Bd4+ 1-0

[Event "C'Chartres Blitz op April"]
[Site "Europe Echecs INT"]
[Date "2021.04.10"]
[Round "8"]
[White "Efimov, Igor"]
[Black "Perrin, Antoine"]
[Result "1-0"]
[WhiteElo "2416"]
[BlackElo "1972"]
[PlyCount "71"]
[EventDate "2021.04.10"]
[EventType "swiss (blitz)"]
[EventRounds "11"]
[EventCountry "FRA"]
[SourceTitle "CBM 201 Extra"]
[Source "ChessBase"]
[SourceDate "2021.05.31"]
[SourceVersion "1"]
[SourceVersionDate "2021.05.31"]
[SourceQuality "1"]

1. d4 Nf6 2. Bg5 g6 3. Nc3 d5 4. Qd2 Bg7 5. Bh6 Bxh6 6. Qxh6 c6 7. h3 Nbd7 8. Nf3 Qa5 9. 0-0-0 b5 10. Ne5 Nxe5 11. dxe5 Ne4 12. Nxe4 dxe4 13. Qd2 Qxd2+ 14. Kxd2 f5 15. f3 exf3 16. exf3 Be6 17. Ke3 Kf7 18. a3 Rhd8 19. Be2 a5 20. Rxd8 Rxd8 21. Rd1 Rxd1 22. Bxd1 a4 23. Kd4 Ke8 24. b3 axb3 25. cxb3 Kd7 26. f4 Kc7 27. Kc5 Bd5 28. g3 Be4 29. h4 Bg2 30. a4 bxa4 31. bxa4 Be4 32. Bb3 Bd3 33. Bg8 h6 34. Bf7 g5 35. fxg5 hxg5 36. hxg5 1-0

[Event "C'Chartres Blitz op April"]
[Site "Europe Echecs INT"]
[Date "2021.04.10"]
[Round "7"]
[White "Perrin, Antoine"]
[Black "Baba, Masahiro"]
[Result "1-0"]
[WhiteElo "1972"]
[BlackElo "2274"]
[PlyCount "149"]
[EventDate "2021.04.10"]
[EventType "swiss (blitz)"]
[EventRounds "11"]
[EventCountry "FRA"]
[SourceTitle "CBM 201 Extra"]
[Source "ChessBase"]
[SourceDate "2021.05.31"]
[SourceVersion "1"]
[SourceVersionDate "2021.05.31"]
[SourceQuality "1"]

1. d4 Nf6 2. Bg5 Ne4 3. Bh4 c5 4. f3 g5 5. fxe4 gxh4 6. e3 Qb6 7. b3 Bh6 8. Qd3 Nc6 9. Nf3 h3 10. c3 hxg2 11. Bxg2 Rg8 12. Bh3 cxd4 13. exd4 Qa5 14. d5 Nd8 15. Nbd2 Qc5 16. Ke2 b6 17. Rhg1 Rg6 18. Bf5 a5 19. Bxg6 hxg6 20. Qd4 Qxd4 21. Nxd4 Ba6+ 22. c4 Nb7 23. Nb1 Nc5 24. Nc3 0-0-0 25. Rad1 Rh8 26. Rgf1 f6 27. h4 a4 28. Rh1 axb3 29. axb3 Nxb3 30. Nxb3 Bxc4+ 31. Kf3 Bxb3 32. Rb1 Bc4 33. Rxb6 Bd2 34. Rhb1 Rxh4 35. Rb8+ Kc7 36. Ne2 Bd3 37. R8b7+ Kd6 38. Rd1 Bxe4+ 39. Kg3 Bg5 40. Nc3 Bf5 41. Nb5+ Ke5 42. Re1+ Be4 43. Nc3 f5 44. Nxe4 fxe4 45. Rxd7 Rf4 46. Rd8 Bf6 47. Rg8 g5 48. Rd8 Rf3+ 49. Kg4 Rf4+ 50. Kg3 Rf3+ 51. Kg4 Rd3 52. Ra8 Rxd5 53. Ra4 Rc5 54. Raxe4+ Kd6 55. Kf3 Rc3+ 56. Kg4 Rc5 57. Re6+ Kd7 58. R6e4 Rc3 59. Rd1+ Ke8 60. Rde1 Kf7 61. Rf1 Rc2 62. Re3 Kg6 63. Kg3 Rb2 64. Rfe1 Rc2 65. R1e2 Rc1 66. Re1 Rc5 67. R1e2 Ra5 68. Kg4 Ra4+ 69. Re4 Ra3 70. R4e3 Ra8 71. Re4 Rh8 72. R4e3 Rh4+ 73. Kg3 Rc4 74. Re4 Kf5 75. Rxc4 1-0

[Event "FRA-ch Blitz Online Qual"]
[Site "Europe Echecs INT"]
[Date "2020.05.16"]
[Round "8"]
[White "Droin, Augustin"]
[Black "Perrin, Antoine"]
[Result "1/2-1/2"]
[WhiteElo "2313"]
[BlackElo "1967"]
[PlyCount "89"]
[EventDate "2020.05.16"]
[EventType "swiss (blitz)"]
[EventRounds "15"]
[EventCountry "FRA"]
[SourceTitle "CBM 196 Extra"]
[Source "ChessBase"]
[SourceDate "2020.07.31"]
[SourceVersion "1"]
[SourceVersionDate "2020.07.31"]
[SourceQuality "1"]

1. e4 c5 2. Nf3 d6 3. d4 cxd4 4. Nxd4 Nf6 5. Nc3 a6 6. Qd3 e5 7. Nf5 Nc6 8. Bg5 h6 9. Bxf6 Qxf6 10. Nd5 Qd8 11. Nfe3 Be6 12. c3 Ne7 13. Nxe7 Bxe7 14. Be2 0-0 15. 0-0 Bg5 16. Rfd1 Qb6 17. b3 Bxe3 18. Qxe3 Qxe3 19. fxe3 Rfd8 20. c4 Kf8 21. Kf2 Ke7 22. Kg3 Rab8 23. a4 a5 24. Bg4 Rbc8 25. h4 Rc7 26. Bxe6 Kxe6 27. Rd5 Rc5 28. Rad1 Rd7 29. Kg4 b6 30. Kh5 Rd8 31. R5d2 Rc6 32. Rf1 Rc7 33. Rdf2 Rh8 34. Kg4 h5+ 35. Kh3 f6 36. Rf5 Rf7 37. R5f3 Rh6 38. g4 hxg4+ 39. Kxg4 Rf8 40. Rf5 Rfh8 41. h5 R6h7 42. Rd1 Rh6 43. Rdf1 R6h7 44. Rd1 Rh6 45. Rdf1 1/2-1/2

[Event "FRA-ch Blitz Online Qual"]
[Site "Europe Echecs INT"]
[Date "2020.05.16"]
[Round "9"]
[White "Perrin, Antoine"]
[Black "Le Goff, Damien"]
[Result "0-1"]
[WhiteElo "1967"]
[BlackElo "2281"]
[PlyCount "74"]
[EventDate "2020.05.16"]
[EventType "swiss (blitz)"]
[EventRounds "15"]
[EventCountry "FRA"]
[SourceTitle "CBM 196 Extra"]
[Source "ChessBase"]
[SourceDate "2020.07.31"]
[SourceVersion "1"]
[SourceVersionDate "2020.07.31"]
[SourceQuality "1"]

1. e4 e6 2. d4 d5 3. exd5 exd5 4. Nf3 Bg4 5. Bd3 Nc6 6. c3 Qd7 7. Bf4 Nge7 8. 0-0 Ng6 9. Bg3 h5 10. h3 h4 11. Bh2 Bh5 12. Re1+ Be7 13. Be2 0-0-0 14. Ne5 Bxe2 15. Qxe2 Ncxe5 16. dxe5 Qe6 17. Nd2 Kb8 18. Nf3 c5 19. Qe3 Rh5 20. Rad1 Rhh8 21. a3 Ka8 22. b4 d4 23. cxd4 cxb4 24. axb4 Bxb4 25. Re2 Rd5 26. Rb2 Ba5 27. Ra1 Rhd8 28. Rba2 Bb6 29. Ra4 Ne7 30. Rb1 Qc6 31. Qb3 Nc8 32. Rc4 Qd7 33. Qc3 Bxd4 34. Nxd4 Rxd4 35. Rxd4 Qxd4 36. Qc7 Qd1+ 37. Rxd1 Rxd1# 0-1

[Event "FRA-ch Blitz Online Qual"]
[Site "Europe Echecs INT"]
[Date "2020.05.16"]
[Round "15"]
[White "Villeneuve, Robin"]
[Black "Perrin, Antoine"]
[Result "0-1"]
[WhiteElo "1662"]
[BlackElo "1967"]
[PlyCount "148"]
[EventDate "2020.05.16"]
[EventType "swiss (blitz)"]
[EventRounds "15"]
[EventCountry "FRA"]
[SourceTitle "CBM 196 Extra"]
[Source "ChessBase"]
[SourceDate "2020.07.31"]
[SourceVersion "1"]
[SourceVersionDate "2020.07.31"]
[SourceQuality "1"]

1. e4 c5 2. d4 cxd4 3. c3 Nf6 4. e5 Nd5 5. cxd4 d6 6. Nf3 Nc6 7. Bc4 Nb6 8. Bb3 Bg4 9. Nc3 dxe5 10. dxe5 Qxd1+ 11. Bxd1 e6 12. Bf4 Be7 13. 0-0 0-0 14. h3 Bh5 15. g4 Bg6 16. Bb3 Rfd8 17. Rfd1 h6 18. Nb5 Nd5 19. Bxd5 Rxd5 20. Rxd5 exd5 21. Rd1 Be4 22. Nd2 Bc2 23. Rc1 Bd3 24. Nc7 Rd8 25. Rc3 Bg6 26. Rb3 Nd4 27. Re3 Bc5 28. Re1 Bb4 29. Kh1 Be4+ 30. Rxe4 dxe4 31. Nxe4 Ne6 32. Nxe6 fxe6 33. Kg2 Rd4 34. Kf3 Rd3+ 35. Kg2 Kf7 36. a3 Be7 37. Be3 Rd5 38. f4 a5 39. Kf3 Rb5 40. Bd4 Rb3+ 41. Kg2 Rd3 42. Bc3 b6 43. Nf2 Rd7 44. f5 Rc7 45. Kf3 Bxa3 46. Ke4 Bb4 47. Nd1 Bxc3 48. Nxc3 Rc4+ 49. Ke3 Rb4 50. Nd1 Rb3+ 51. Kd4 Rxh3 52. Ne3 Rh2 53. b3 Rb2 54. Kc4 b5+ 55. Kc3 Rf2 56. Kd3 Rf3 57. Ke4 Rxe3+ 58. Kxe3 exf5 59. gxf5 h5 60. Ke4 h4 61. e6+ Ke7 62. Kf4 a4 63. bxa4 bxa4 64. Kg4 a3 65. Kxh4 a2 66. Kg5 a1Q 67. Kg6 Qf6+ 68. Kh5 Qxf5+ 69. Kh4 Qg6 70. Kh3 Kxe6 71. Kh2 Kf5 72. Kh1 Kf4 73. Kh2 Kf3 74. Kh1 Qg2# 0-1

[Event "Sautron op 19th"]
[Site "Sautron"]
[Date "2019.10.20"]
[Round "4.7"]
[White "Abergel, Thal"]
[Black "Perrin, Antoine"]
[Result "1-0"]
[WhiteElo "2475"]
[BlackElo "1935"]
[PlyCount "83"]
[EventDate "2019.12.10"]
[EventType "swiss"]
[EventRounds "9"]
[EventCountry "FRA"]
[SourceTitle "EXT 2022"]
[Source "ChessBase"]
[SourceDate "2021.10.06"]
[SourceVersion "1"]
[SourceVersionDate "2021.10.06"]
[SourceQuality "1"]

1. Nf3 Nf6 2. c4 g6 3. b3 Bg7 4. Bb2 0-0 5. g3 d6 6. Bg2 Nbd7 7. d4 Re8 8. d5 a5 9. 0-0 Nc5 10. Nd4 e5 11. dxe6 Nxe6 12. Nxe6 Rxe6 13. Nc3 Rb8 14. Qd2 b6 15. e4 Bb7 16. Rfe1 Nd7 17. Re2 Nc5 18. Rae1 Re8 19. f3 Qd7 20. h4 Rbd8 21. Kh2 Re7 22. Bh3 Qe8 23. Qc2 Qf8 24. a3 Rde8 25. b4 axb4 26. axb4 Ne6 27. Nd5 Bxd5 28. cxd5 Nd4 29. Bxd4 Bxd4 30. f4 Qg7 31. Qc4 Qf6 32. Bg2 Ra8 33. e5 dxe5 34. d6 exf4 35. Bxa8 fxg3+ 36. Kg2 Rxe2+ 37. Qxe2 cxd6 38. Bd5 Be5 39. Qf3 Bf4 40. Qe4 h5 41. Qe8+ Kg7 42. Qxf7+ 1-0

[Event "Sautron op 19th"]
[Site "Sautron"]
[Date "2019.10.19"]
[Round "2.6"]
[White "Perrin, Antoine"]
[Black "Duboue, Peio"]
[Result "1/2-1/2"]
[WhiteElo "1935"]
[BlackElo "2420"]
[PlyCount "76"]
[EventDate "2019.12.10"]
[EventType "swiss"]
[EventRounds "9"]
[EventCountry "FRA"]
[SourceTitle "EXT 2022"]
[Source "ChessBase"]
[SourceDate "2021.10.06"]
[SourceVersion "1"]
[SourceVersionDate "2021.10.06"]
[SourceQuality "1"]

1. e4 e5 2. Nf3 Nc6 3. Bb5 Nf6 4. 0-0 Be7 5. Re1 d6 6. c3 0-0 7. d3 a6 8. Ba4 b5 9. Bb3 Na5 10. Bc2 c5 11. d4 Qc7 12. Nbd2 Bd7 13. d5 c4 14. h3 Nb7 15. Nf1 a5 16. Bd2 Nc5 17. Qe2 Rfb8 18. b3 cxb3 19. axb3 a4 20. b4 Nb3 21. Bxb3 axb3 22. Ng3 Qc4 23. Qd1 Ra2 24. Rb1 Rc2 25. Re3 Ra8 26. Be1 Raa2 27. Nd2 Qc8 28. Nxb3 Qa8 29. Nc1 Rab2 30. Rxb2 Rxb2 31. Re2 Rb1 32. Qc2 Qa1 33. Bd2 h5 34. Re1 h4 35. Nf1 Rb2 36. Qd3 Nh5 37. Qf3 g6 38. Nd3 Rb1 1/2-1/2

[Event "Sautron op 19th"]
[Site "Sautron"]
[Date "2019.10.19"]
[Round "6.15"]
[White "Robine, Guillaume"]
[Black "Perrin, Antoine"]
[Result "0-1"]
[WhiteElo "1510"]
[BlackElo "1935"]
[PlyCount "50"]
[EventDate "2019.12.10"]
[EventType "swiss"]
[EventRounds "9"]
[EventCountry "FRA"]
[SourceTitle "EXT 2022"]
[Source "ChessBase"]
[SourceDate "2021.10.06"]
[SourceVersion "1"]
[SourceVersionDate "2021.10.06"]
[SourceQuality "1"]

1. e4 c5 2. Nc3 e6 3. f4 d5 4. Bb5+ Bd7 5. Bxd7+ Qxd7 6. Nf3 Nc6 7. 0-0 Nge7 8. d3 g6 9. Qe1 Bg7 10. Kh1 0-0 11. Qh4 Nd4 12. g4 Nxc2 13. Ng5 h6 14. Nf3 f5 15. gxf5 exf5 16. Rb1 d4 17. Ne2 Nc6 18. Rg1 Qe6 19. Ng3 fxe4 20. Nxe4 Rf5 21. Ng3 Qd5 22. Ne4 Re8 23. Rxg6 Rxe4 24. Qxh6 Re7 25. Kg2 Ne1+ 0-1

[Event "Sautron op qual 19th"]
[Site "Sautron"]
[Date "2019.08.31"]
[Round "6.6"]
[White "Perrin, Antoine"]
[Black "Navrotescu, Andreea Cristiana"]
[Result "0-1"]
[WhiteElo "1850"]
[BlackElo "2210"]
[PlyCount "34"]
[EventDate "2019.08.30"]
[EventType "swiss"]
[EventRounds "6"]
[EventCountry "FRA"]
[SourceTitle "EXT 2021"]
[Source "ChessBase"]
[SourceDate "2020.10.23"]
[SourceVersion "1"]
[SourceVersionDate "2020.10.23"]
[SourceQuality "1"]

1. e4 e6 2. d4 d5 3. Nd2 h6 4. c3 c5 5. exd5 exd5 6. Ngf3 Nf6 7. Be2 Nc6 8. dxc5 Bxc5 9. 0-0 0-0 10. Nb3 Bd6 11. Nbd4 a6 12. Re1 Ne4 13. Be3 Qf6 14. Nd2 Nxd4 15. Bxd4 Bxh2+ 16. Kxh2 Qf4+ 17. g3 Qxd2 0-1

[Event "Sautron op 18th"]
[Site "Sautron "]
[Date "2018.10.20"]
[Round "2.23"]
[White "Perrin, Antoine"]
[Black "Devallee, Jeremie"]
[Result "0-1"]
[WhiteElo "1736"]
[BlackElo "2230"]
[PlyCount "84"]
[EventDate "2018.10.20"]
[EventType "swiss"]
[EventRounds "9"]
[EventCountry "FRA"]
[SourceTitle "EXT 2021"]
[Source "ChessBase"]
[SourceDate "2020.10.23"]
[SourceVersion "1"]
[SourceVersionDate "2020.10.23"]
[SourceQuality "1"]

1. e4 d6 2. d4 Nf6 3. Nc3 e5 4. Nf3 Nbd7 5. Bc4 Be7 6. 0-0 0-0 7. h3 c6 8. Re1 b5 9. Bf1 Bb7 10. dxe5 dxe5 11. a3 Qc7 12. Bg5 Nc5 13. Qe2 Ne6 14. Bh4 a5 15. Bg3 Nd7 16. a4 b4 17. Nd1 Rfd8 18. Ne3 Ba6 19. Nc4 f6 20. Qe3 g5 21. c3 Kh8 22. Nh2 Rg8 23. Ng4 h5 24. Nh6 h4 25. Bxh4 gxh4 26. Nxg8 Kxg8 27. Qh6 Ndf8 28. cxb4 axb4 29. Ne3 Bxf1 30. Kxf1 Nd4 31. Qxh4 Bd8 32. Red1 Qh7 33. Qg4+ Qg6 34. Qh4 Ra7 35. Nf5 Rh7 36. Qg3 Qxg3 37. Nxg3 Nfe6 38. Ne2 Ra7 39. f4 Nxe2 40. Kxe2 Nxf4+ 41. Kf3 Ne6 42. Rd6 Nd4+ 0-1